| 000 | 00464nam a2200157Ia 4500 | ||
|---|---|---|---|
| 008 | 230917s9999||||xx |||||||||||||| ||und|| | ||
| 020 | _cRS0.5 | ||
| 040 |
_e14201 _aMAIN |
||
| 041 | _aEnglish | ||
| 082 | _a330.122 S85U | ||
| 100 | _aSau, Ranjit | ||
| 245 | 0 | _aUnequal exchange, imperialism and underdevelopment: An essay on the political economy of world capitalism | |
| 260 |
_aCalcutta _bOxford University Press _c1978 |
||
| 300 | _ax, 202 p. | ||
| 942 | _cBK | ||
| 999 |
_c184188 _d184188 |
||